|
|
|
|
| LEADER |
00000nam0a2200000 4500 |
| 001 |
254208 |
| 005 |
20231101232920.0 |
| 010 |
|
|
|a 573700029X
|
| 035 |
|
|
|a (RuTPU)RU\TPU\book\276639
|
| 090 |
|
|
|a 254208
|
| 100 |
|
|
|a 20140319d1989 m y0rusy50 ca
|
| 101 |
0 |
|
|a rus
|
| 102 |
|
|
|a RU
|
| 105 |
|
|
|a a z 000zy
|
| 200 |
1 |
|
|a Музей древнерусского искусства имени Андрея Рублева
|f сост. А. А. Салтыков
|
| 210 |
|
|
|a Ленинград
|c Художник РСФСР
|d 1989
|
| 215 |
|
|
|a 264 с.
|c ил.
|
| 606 |
1 |
|
|a Иконопись древнерусская
|2 stltpush
|3 (RuTPU)RU\TPU\subj\12377
|9 39172
|
| 610 |
1 |
|
|a древнерусское искусство
|
| 610 |
1 |
|
|a музеи
|
| 610 |
1 |
|
|a 14 век
|
| 610 |
1 |
|
|a 15 век
|
| 610 |
1 |
|
|a 16 век
|
| 610 |
1 |
|
|a 17 век
|
| 610 |
1 |
|
|a 18 век
|
| 610 |
1 |
|
|a иконопись
|
| 610 |
1 |
|
|a иконы
|
| 610 |
1 |
|
|a происхождение
|
| 610 |
1 |
|
|a древние рукописи
|
| 610 |
1 |
|
|a старопечатные книги
|
| 675 |
|
|
|a 75.046(084)
|v 3
|
| 702 |
|
1 |
|a Салтыков
|b А. А.
|g Александр Александрович
|4 220
|
| 801 |
|
1 |
|a RU
|b 63413507
|c 20140319
|
| 801 |
|
2 |
|a RU
|b 63413507
|c 20140325
|g RCR
|
| 942 |
|
|
|c BK
|